| 000 | 01060cab a2200301 4500 | ||
|---|---|---|---|
| 001 | ABS46704 | ||
| 008 | 090401t1992 xxu||||| |||| 00| 0 eng d | ||
| 035 | _a(Sirsi) u59279 | ||
| 041 | _aeng | ||
| 100 | _aSmith, D. | ||
| 245 | _aBuilding regulations | ||
| 260 | _c1992 | ||
| 350 | _a0 | ||
| 490 |
_aCS Monthly _bthe Building Surveyor _v1(7) April 1992, 11; 1(8) May 1992, 14; 1(9) June |
||
| 520 | _aA series of four articles reviewing the Building Regulations 1991. The first looks at the main changes and subsequent articles concentrate on structure, fire safety and disabled access. | ||
| 650 | _aACCESS | ||
| 650 | _aAPPROVED DOCUMENTS | ||
| 650 | _aBUILDING REGULATIONS 1990 | ||
| 650 | _aMANAGEMENT-BUSINESS MANAGEMENT-DISCRIMINATION-DISABILITY DISCRIMINATION-ACCESSIBILITY | ||
| 650 | _aMANAGEMENT-HEALTH AND SAFETY-FIRE SAFETY | ||
| 650 | _aMEANS OF ESCAPE | ||
| 690 | _aBUILDING AND CONSTRUCTION-REGULATIONS | ||
| 700 | _aSammons, T. | ||
| 700 | _aWarsby, C. | ||
| 700 | _aScrivener, G. | ||
| 942 | _n0 | ||
| 948 | _c04/03/1997 | ||
| 999 |
_c36357 _d36357 |
||